Elementos de teoría política /

Obra que presenta una reflexión teórico-filosófica de los grandes temas de la ciencia política: constitución, democracia, liberalismo, sistemas electorales, etc. Podría considerarse un diccionario especializado sobre el asunto.

Guardat en:
Dades bibliogràfiques
Autor principal: Sartori, Giovanni (autor)
Format: Llibre
Idioma:espanyol
Publicat: Madrid, España : Alianza, 2002, c2002
Col·lecció:(El Libro Universitario ; Ensayo) 97.
(Ciencias Sociales)
Matèries:
Etiquetes: Afegir etiqueta
Sense etiquetes, Sigues el primer a etiquetar aquest registre!

MARC

LEADER 00000nam^a2200000^a^4500
001 000126675
005 20250521000000.0
009 20260310094733.618
020 |a 84-206-7955-0 
037 |a Acervo ITESO - Biblioteca 
041 |a ESP 
082 |a 320. 01  |b SAR 
100 |a Sartori, Giovanni  |e (autor) 
245 1 0 |a Elementos de teoría política /  |c G. Sartori ; tr. por Ma. Luz Morán. 
264 4 |a Madrid, España :  |b Alianza,  |c 2002, c2002 
300 |a 368 p. 
336 |a texto  |b txt  |2 rdacontenido 
337 |a sin mediación  |b n  |2 rdamedio 
338 |a volumen  |b nc  |2 rdasoporte 
440 4 |a (El Libro Universitario ;  |v 97.  |p Ensayo) 
440 1 |a (Ciencias Sociales) 
500 |a Traducción de: Elementi di teoria politica 
520 |a Obra que presenta una reflexión teórico-filosófica de los grandes temas de la ciencia política: constitución, democracia, liberalismo, sistemas electorales, etc. Podría considerarse un diccionario especializado sobre el asunto. 
649 |a XX 
650 |a Filosofía Política 
650 |a Política -  |x Teoría 
910 |a Fondo General 
920 |a Impresos - Libros 
930 |a Colección General 
905 |a 101 
901 |a 0500058825  |b IT1  |c ACC  |u 20250521 
901 |a 0500257674  |b IT1  |c ACC  |u 20250521 
902 |a https://opac.biblio.iteso.mx/vufind/Record/000126675